|
|
|
|
| LEADER |
00000nam a2200000 a 4500 |
| 001 |
UCL9405 |
| 003 |
CL-VaPUC |
| 008 |
040806e19930000CL |||||||||||||||||spa|d |
| 082 |
0 |
4 |
|a 346.83022
|b VOD
|2 21
|
| 100 |
0 |
|
|a Vodanovic Haklicka, Antonio
|e author
|9 487219
|
| 245 |
1 |
0 |
|a Contrato de transacción
|
| 250 |
|
|
|a 3a. ed
|
| 300 |
|
|
|a 208 p
|
| 942 |
|
|
|c BK
|
| 945 |
|
|
|d 20040806 00:00:00
|a cmena
|
| 260 |
|
|
|a Santiago
|b ConoSur
|c 1993
|
| 650 |
|
0 |
|a Derecho civil chileno
|9 320612
|
| 650 |
|
0 |
|a Derecho contractual
|9 373875
|
| 650 |
|
7 |
|a CONTRATO DE TRANSACCION
|2 CL-VaPUC
|9 487220
|
| 650 |
|
0 |
|a Responsabilidad contractual
|9 256720
|
| 650 |
|
0 |
|a Obligaciones contractuales
|9 386117
|
| 650 |
|
7 |
|a RESPONSABILIDAD CIVIL
|2 CL-VaPUC
|9 487221
|
| 651 |
|
7 |
|a CHILE
|2 CL-VaPUC
|9 487222
|
| 583 |
|
|
|a last modification
|c 20040806 00:00:00
|k Rodrigo Vera
|
| 999 |
|
|
|c 310199
|d 310197
|
| 952 |
|
|
|0 0
|1 0
|4 0
|6 346_830220000000000_VOD_1993
|7 0
|8 A
|9 378457
|a BIBDER
|b BIBDER
|d 2019-11-21
|i 4046528
|o 346.83022 VOD 1993
|p 4046528
|r 2023-01-25
|w 2019-11-21
|y BK
|k DER
|